Facultad de Derecho – Universidad Nacional de Mar del Plata

Tercer Informe sobre la situacion de los Derechos Humanos en Colombia (Record no. 4224)

MARC details
000 -CABECERA
campo de control de longitud fija 00664nam a22002057a 4500
080 ## - NUMERO DE CLASIFICACION DECIMAL UNIVERSAL (CDU)
Número de la Clasificación Decimal Universal 342.72/73 861 T 271
245 ## - MENCION DE TITULO
Título propiamente dicho Tercer Informe sobre la situacion de los Derechos Humanos en Colombia
260 ## - PUBLICACION, DISTRIBUCION, ETC. (PIE DE IMPRENTA)
Lugar de publicación, distribución, etc. Washington
Nombre del editor, distribuidor, etc. Secretaria general. organizacion de los Estados Americanos
Fecha de publicación, distribución, etc. 1999
300 ## - DESCRIPCION FISICA
Extensión 372 P:
490 ## - MENCION DE SERIE
Mención de serie OEA
Designación numérica/secuencial del volumen L/V/II 102. DOC. 9 rev. 1. 26 de febrero 1999.
650 ## - ASIENTO SECUNDARIO DE MATERIA - TERMINO TEMATICO
Subdivisión general derechos humanos
650 ## - ASIENTO SECUNDARIO DE MATERIA - TERMINO TEMATICO
Subdivisión general Colombia
650 ## - ASIENTO SECUNDARIO DE MATERIA - TERMINO TEMATICO
Subdivisión general derecho internacional humanitario
650 ## - ASIENTO SECUNDARIO DE MATERIA - TERMINO TEMATICO
Subdivisión general derechos de la mujer
650 ## - ASIENTO SECUNDARIO DE MATERIA - TERMINO TEMATICO
Subdivisión general discriminacion
650 ## - ASIENTO SECUNDARIO DE MATERIA - TERMINO TEMATICO
Subdivisión general derechos del niño
650 ## - ASIENTO SECUNDARIO DE MATERIA - TERMINO TEMATICO
Subdivisión general derechos de los indigenas
945 ## - INFORMACION DE PROCESAMIENTO LOCAL
Responsable de carga/modificación Celeste Delía
AAAA-MM-DD - Fecha de ingreso/modificación 2015-11-09
942 ## - ELEMENTOS AGREGADOS (KOHA)
Clasificación normalizada de Koha para alfabetizar _
Holdings
Retirado Perdido Fuente de clasificación Dañado No se presta Ubicación permanente Locación actual Estante o sala Fecha de adquisición Total préstamos Signatura topográfica Inventario Ultima fecha vista Fecha del precio Tipo de item de Koha
          Bib. Derecho Bib. Derecho Sala de Lectura 09/11/2015   342.72/73 861 T 271 57780 09/11/2015 09/11/2015 LIBRO (Consulta)

XHTML | CSS | ©Biblioteca Central - Dto. Tecnología de la Información - [ Con tecnología Koha ]